000 00986nam a22003017a 4500
003 CHAP
005 20220329141137.0
008 971010s1981 r 00010 d
010 _a63331
011 _a64303
035 _a69592
040 _cCHAP
082 0 4 _a581.1
_bM56Y
100 0 0 _aMiller, Erston Vinton.
_975760
245 1 _aFisiología vegetal
260 _aMéxico, D.F. :
_bUTHEA,
_c1981
300 _a344 p.
590 _aBATCH-UPD
_b10
_c20130110
_lUCH01
_h1648
590 _aBATCH-UPD
_b10
_c20130410
_lUCH01
_h1037
590 _aBATCH-UPD
_b10
_c20130914
_lUCH01
_h1412
590 _aCONVERSION
_b10
_c20130109
_lUCH01
_h1334
650 1 4 _aFisiología vegetal.
_941136
901 _aBK
942 _cLIBRO
949 _a581.1 M56Y
_bBC
_cLIBRO
_d33724000986667
_eLIBRO
_fc.2
_gI. c/e
_h66517
_i69592
_si
949 _a581.1 M56Y
_bBC
_cLIBRO
_d33724002081446
_eLIBRO
_gI. c/e
_h66516
_i69592
_si
949 _a581.1 M56y
_bBC
_cLIBRO
_d33724002164538
_eLIBRO
_fc.3
_gI.c/e
_h112195
_i69592
_si
999 _c63331
_d63331